000 00406nam a22001697a 4500
003 CEME
005 20210628203937.0
008 210316b xxu||||| |||| 00| 0 eng d
020 _a81-224-0587-8
040 _c.
082 _a668.41 PLA'G
100 _aGupta, N. K
_967950
245 _aPlasticity and impact mechanics
260 _aNEWDELHI
_bWILEY EASTRN
_c1993
300 _a522P
942 _cBK
_2ddc
999 _c575631
_d575631